00940nam a2200217 i 4500001000700000003000900007005001700016007000300033008004100036100003800077245015400115260004100269300002100310500006500331651003600396710006000432740004200492852002300534999001900557952014600576149877ES-MaACL20230906203308.0t|071024s1920 sp ||||1| cat d1 aValls i Taberner, Ferran.911294210aDiscursos llegits en la "Real Academia de Buenas Letras" de Barcelona en la solemne recepció de Ferran Valls y Taberner, el dia 30 de maig de 1920. aBarcelona : bLa Renaixensa, c1920. a31 p. ; c26 cm. aTítulo del discurso: Les genealogies de Roda o de Meyáa. 4aBarcelona-xGenealogía.978602 aReial Acadèmia de Bones Lletres de Barcelona.91762284 aLes genealogies de Roda o de Meyáa. aES-MaACLj1628-F-5 c149877d149877 001040708Colección_de_folletosaATENEOMbATENEOMcDEPOFd2008-01-17eSCl0o1628-F-5p1156397r2023-02-23 00:00:00w2023-02-23yFOLLETOS